Normal view
MARC view
Entry Personal Name
001 - CONTROL NUMBER
- control field: 51686
003 - CONTROL NUMBER IDENTIFIER
- control field: ARRUPE
005 - DATE AND TIME OF LATEST TRANSACTION
- control field: 20220519122250.0
008 - FIXED-LENGTH DATA ELEMENTS
- fixed length control field: 220519|| aca||aabn | a|a d
040 ## - CATALOGING SOURCE
- Original cataloging agency: ARRUPE
- Transcribing agency: ARRUPE
100 ## - HEADING--PERSONAL NAME
- Personal name: Modisane, Bloke,
- Dates associated with a name: -1986
670 ## - SOURCE DATA FOUND
- Source citation: Work cat.: (ARRUPE)131465: Modisane, Bloke, -1986., Blame me on history /, 1986.